Historia de Africa
Enregistré dans:
| Auteurs principaux: | , |
|---|---|
| Format: | Livre |
| Langue: | espagnol |
| Publié: |
Bilbao
Moreton
1969
|
| Collection: | Panoramas de la Historia Universal, 4
|
| Sujets: | |
| Tags: |
Ajouter un tag
Pas de tags, Soyez le premier à ajouter un tag!
|
MARC
| LEADER | 00000nam a2200000 a 4500 | ||
|---|---|---|---|
| 001 | UCO2305 | ||
| 003 | CL-VaPUC | ||
| 008 | 000602e19690000SP |||||||||||||||||spa|d | ||
| 082 | 0 | 4 | |a 960 |b COR |2 21 |
| 100 | 0 | |a Cornevin, Robert |e author |9 445350 | |
| 700 | 0 | |a Cornevin, Marianne |e author |9 445351 | |
| 245 | 1 | 0 | |a Historia de Africa |
| 300 | |a 509 p | ||
| 942 | |c BK | ||
| 945 | |d 20000602 00:00:00 |a rherrera | ||
| 260 | |a Bilbao |b Moreton |c 1969 | ||
| 650 | 7 | |a HISTORIA DE AFRICA |2 CL-VaPUC |9 437682 | |
| 650 | 7 | |a ORIGENES |2 CL-VaPUC |9 367418 | |
| 650 | 0 | |a Historia antigua |9 267521 | |
| 650 | 0 | |a Islamismo |9 314084 | |
| 650 | 0 | |a Árabes |9 316264 | |
| 650 | 7 | |a DESCUBRIMIENTOS |2 CL-VaPUC |9 319676 | |
| 650 | 7 | |a COLONIZACIONES |2 CL-VaPUC |9 443290 | |
| 650 | 0 | |a Descolonización |9 318067 | |
| 651 | 0 | |a África |9 256790 | |
| 651 | 7 | |a MEDITERRANEO |2 CL-VaPUC |9 269643 | |
| 583 | |a last modification |c 20000602 00:00:00 |k Rodrigo Vera | ||
| 490 | 0 | |a Panoramas de la Historia Universal, 4 | |
| 999 | |c 288841 |d 288839 | ||
| 952 | |0 0 |1 0 |4 0 |6 960_000000000000000_COR_1969 |7 0 |8 A |9 336785 |a BIBHIS |b BIBHIS |d 2019-11-20 |i 128486K |l 1 |o 960 COR 1969 |p 128486K |r 2025-01-20 |s 2023-03-20 |w 2019-11-20 |y BK |k HIS | ||